000 00998cam a22003137a 4500
003 CHAP
005 20220817041737.0
008 971013s1970 r 00010 d
010 _a23131
011 _a24103
035 _a28202
040 _cCHAP
090 _aFolleto 2090
110 _aFAO. Comisión del Codex Alimentarius
_939482
245 0 _aNorma internacional recomendada para los aceites de oliva, virgenes y refinados, y los aceites refinados de orujo de aceituna
260 _aRoma, FAO,
_c1970
300 _a40 p.
410 2 _aFAO
490 0 _aPrograma conjunto FAO/OMS sobre normas alimentarias
590 _aBATCH-UPD
_b10
_c20130110
_lUCH01
_h1138
590 _aCONVERSION
_b10
_c20130109
_lUCH01
_h1314
650 1 4 _aAceite de oliva
_xNormas de calidad.
_9444
710 0 _aFAO.
810 0 _aFAO
830 0 _aPrograma conjunto FAO/OMS sobre normas alimentarias
_992254
901 _aBK
942 _cFOLL
949 _aFolleto 2090
_bBC
_cFAO
_d-65004
_eFAO1
_i28202
_si
999 _c23131
_d23131